Hole's human anatomy and physiology / (Record no. 17323)

MARC details
000 -LEADER
fixed length control field 00859cam a22002772 4500
001 - CONTROL NUMBER
control field 0000020839
003 - CONTROL NUMBER IDENTIFIER
control field OSt
005 - DATE AND TIME OF LATEST TRANSACTION
control field 20181022150125.0
008 - FIXED-LENGTH DATA ELEMENTS--GENERAL INFORMATION
fixed length control field 111021s xx 000 0 eng d
020 ## - INTERNATIONAL STANDARD BOOK NUMBER
International Standard Book Number 0078024290
040 ## - CATALOGING SOURCE
Original cataloging agency KABU
Transcribing agency KABU
050 ## - LIBRARY OF CONGRESS CALL NUMBER
Classification number QP34.5
Item number .S55 2016 c. 1
100 1# - MAIN ENTRY--PERSONAL NAME
Personal name Shier, David.
245 10 - TITLE STATEMENT
Title Hole's human anatomy and physiology /
Statement of responsibility, etc. David Shier, Jackie Butler, Ricki Lewis.
250 ## - EDITION STATEMENT
Edition statement 14th ed.
260 ## - PUBLICATION, DISTRIBUTION, ETC. (IMPRINT)
Place of publication, distribution, etc. New Yorkn :
Name of publisher, distributor, etc. McGraw-Hill Education,
Date of publication, distribution, etc. 2016.
300 ## - PHYSICAL DESCRIPTION
Extent xxiv, 997 p.
650 #0 - SUBJECT ADDED ENTRY--TOPICAL TERM
Topical term or geographic name as entry element Human physiology.
650 #0 - SUBJECT ADDED ENTRY--TOPICAL TERM
Topical term or geographic name as entry element Human anatomy.
700 1# - ADDED ENTRY--PERSONAL NAME
Personal name Butler, Jackie.
700 1# - ADDED ENTRY--PERSONAL NAME
Personal name Lewis, Ricki.
908 ## - PUT COMMAND PARAMETER (RLIN)
Put command parameter 111021
942 ## - ADDED ENTRY ELEMENTS (KOHA)
Source of classification or shelving scheme Library of Congress Classification
Koha item type General Collection
Edition 14th
Classification part QP34.5
Item part .S55 2016 c. 1
Holdings
Withdrawn status Lost status Source of classification or shelving scheme Not for loan Home library Current library Shelving location Date acquired Cost, normal purchase price Total Checkouts Total Renewals Full call number Barcode Date last seen Date last checked out Copy number Price effective from Koha item type Damaged status
    Library of Congress Classification   Kabarak, Main Campus Kabarak, Main Campus General Stacks 22/10/2018 4990.00 19 2 QP34.5 .S55 2016 c. 1 022685 28/03/2026 16/03/2026 c. 1 22/10/2018 General Collection  
  Lost Library of Congress Classification   Kabarak, Main Campus Kabarak, Main Campus General Stacks 22/10/2018 4990.00 14   QP34.5 .S55 2016 c. 2 022687 27/02/2020 27/02/2020 c. 2 22/10/2018 General Collection  
Designed with assistance from East African Informatics Ltd